| 000 | 01324nam0a2200349 4500 | ||
|---|---|---|---|
| 001 | RU\NLR\bibl\1162351 | ||
| 005 | 20260406063440.0 | ||
| 010 |
_a5-17-036901-8 _bАСТ |
||
| 010 |
_a5-9725-0425-1 _97000 _bАстрель-СПб |
||
| 021 |
_aRU _b2007-62423 _93333 |
||
| 035 | _a(NLR Aleph) 001149094 | ||
| 090 |
_a1466141 _c1466141 |
||
| 100 | _a20071203d2006 |||y0rusy50 ca | ||
| 101 | 0 | _arus | |
| 102 | _aRU | ||
| 105 | _aa ||||||||| | ||
| 200 | 1 |
_aХиромантия. Система Р. Вебстера _f[сост. Лариса Петракова] |
|
| 210 |
_aМосква _cАСТ _aСанкт-Петербург _cАстрель-СПб _d2006 |
||
| 215 |
_a93, [2] c. _cил. _d20 |
||
| 225 | 1 | _aАзбука гаданий | |
| 225 | 1 | _aСерия для тех, кто хочет сам определять свою судьбу | |
| 517 | 0 | _aСистема Р. Вебстера | |
| 606 | 0 |
_aХиромантия _91268094 _3RU\NLR\auth\66203870 |
|
| 686 | _aЭ391.226 | ||
| 702 | 1 |
_4570 _8rus _7ca _aВебстер _bР. _cэзотерик _f1946 - _gРичард _3RU\NLR\auth\7722769 _95824 |
|
| 702 | 1 |
_aПетракова _bЛ. _gЛариса _4220 |
|
| 801 | 0 |
_aRU _bNLR _c20071203 _gRCR |
|
| 801 | 1 |
_aRU _bNLR _c20071203 |
|
| 942 | _cBOOK | ||
| 980 | _aNB | ||